000
00260nam a2200097Ia 4500
008
190216s9999||||xx |||||||||||||| ||und||
100
_a
Dr.Ganapathi Chandra Guptha
245
0
_a
Hindi-Hindi Sahithy Ka Vinjanik Ithihas
260
_b
Vidyarthimithram
942
_c
BK
999
_c
17538
_d
17538